MARC

LEADER 00000nam0a2200000 4500
001 252081
005 20231101232721.0
010 |a 5010016354 
020 |a RU  |b 89-34454 
035 |a (RuTPU)RU\TPU\book\274398 
090 |a 252081 
100 |a 20140227d1989 km y0rusy5003 ca 
101 1 |a rus  |c eng 
102 |a RU 
105 |a ac z 001zb 
200 1 |a К. Ф. Рылеев. Политическая биография поэта декабриста  |e пер. с англ.  |f П. О'Мара  |g под ред. В. А. Федорова 
210 |a Москва  |c Прогресс  |d 1989 
215 |a 336 c. 
320 |a Указ. имен: с. 330-335. 
600 1 |a Рылеев  |b К. Ф.  |c русский поэт  |c декабрист  |f 1795-1826  |g Кондратий Федорович  |2 stltpush  |3 (RuTPU)RU\TPU\pers\11919  |9 3028 
606 1 |a Декабристы  |2 stltpush  |3 (RuTPU)RU\TPU\subj\65333  |9 81899 
610 1 |a революционное движение 
610 1 |a русская поэзия 
610 1 |a 19 век 
610 1 |a история 
610 1 |a политические взгляды 
610 1 |a политические биографии 
686 |a Т3(2)521-425  |2 rubbk 
700 1 |a О'Мара  |b П.  |g Патрик 
702 1 |a Федоров  |b В. А.  |4 340 
801 0 |a RU  |b RuMRKP  |c 19950417  |g psbo 
801 1 |a RU  |b 63413507  |c 20140227 
801 2 |a RU  |b 63413507  |c 20140325  |g RCR 
942 |c BK